[Event "4NCL 2016-17"]
[Site "Reading ENG"]
[Date "2017.01.14"]
[Round "3.26"]
[White "Quinn, John M"]
[Black "Wall, Gavin"]
[Result "1/2-1/2"]
[BlackTitle "IM"]
[WhiteElo "2169"]
[BlackElo "2349"]
[WhiteTeam "Celtic Tigers"]
[BlackTeam "Guildford"]
[WhiteFideId "405043"]
[BlackFideId "2501244"]
[EventDate "2016.11.19"]

1. d4 f5 2. c4 Nf6 3. Nf3 g6 4. g3 Bg7 5. Bg2 O-O 6. O-O d6 7. b3 c6 8. Bb2 e5
9. dxe5 Ng4 10. Qc2 Nxe5 11. Nbd2 Na6 12. a3 Be6 13. Rad1 Qe7 14. Nd4 Bd7 15.
Rfe1 f4 16. Ne4 fxg3 17. hxg3 Ng4 18. Rf1 Rae8 19. b4 Qe5 20. Bf3 c5 21. bxc5
dxc5 22. Nb5 Qh5 1/2-1/2

[Event "4NCL 2016-17"]
[Site "Reading ENG"]
[Date "2017.01.14"]
[Round "3.27"]
[White "Kalaiyalahan, Akshaya"]
[Black "Wilks, Simon"]
[Result "1-0"]
[WhiteTitle "FM"]
[WhiteElo "2046"]
[BlackElo "1935"]
[WhiteTeam "Guildford"]
[BlackTeam "Celtic Tigers"]
[WhiteFideId "422894"]
[BlackFideId "427357"]
[EventDate "2016.11.19"]

1. d4 Nf6 2. c4 c5 3. d5 e6 4. Nc3 exd5 5. cxd5 d6 6. Nf3 a6 7. a4 g6 8. Bf4 Bg7
9. h3 Qe7 10. e3 O-O 11. Be2 Nbd7 12. O-O Nh5 13. Bh2 f5 14. Nd2 Nhf6 15. Nc4
Ne8 16. a5 Rb8 17. Re1 Ne5 18. Nb6 Nd7 19. Nc4 Ne5 20. Nb6 Nd7 21. Qb3 Ne5 22.
Rad1 Kh8 23. Bf1 Qc7 24. Kh1 Nd7 25. Nca4 Be5 26. Nxd7 Bxd7 27. Bxe5+ dxe5 28.
Nb6 Nd6 29. Qc3 Rbe8 30. f3 Bb5 31. Rc1 Bxf1 32. Rxf1 Rf7 33. Qxc5 Qe7 34. b4 e4
35. f4 Rg7 36. Nc4 Rd8 37. Nxd6 Rxd6 38. Rfd1 g5 39. Qc8+ Rd8 40. Qxf5 gxf4 41.
Qxf4 Qxb4 42. Qe5 Qxa5 43. Qxe4 Rgd7 44. Qe5+ Rg7 45. Qf6 Kg8 46. d6 Qg5 47.
Qe6+ Kh8 48. Rd2 Rg6 49. Qe7 Rg7 50. Qe4 Qg6 51. Qd4 Kg8 52. e4 Qe6 53. Rcd1 Rg5
54. d7 Re5 55. Qe3 Qe7 56. Rd4 b5 57. Qb3+ Kg7 58. Qc3 Qc5 59. Qa1 Kg8 60. Qa2+
Kg7 61. Qa1 Kg8 62. Qxa6 Qe7 63. Qb7 Qg5 64. Qb6 h6 65. Rd6 Kh7 66. Rxh6+ Qxh6
67. Qxd8 Qh5 68. Rf1 Rxe4 69. Qc8 1-0

[Event "4NCL 2016-17"]
[Site "Reading ENG"]
[Date "2017.01.14"]
[Round "3.28"]
[White "Pein, Jonathan"]
[Black "Povah, Nigel E"]
[Result "1/2-1/2"]
[BlackTitle "IM"]
[WhiteElo "1905"]
[BlackElo "2298"]
[WhiteTeam "Celtic Tigers"]
[BlackTeam "Guildford"]
[WhiteFideId "417092"]
[BlackFideId "400467"]
[EventDate "2016.11.19"]

1. e4 c5 2. Nf3 Nc6 3. Bb5 Nf6 4. Nc3 g6 5. e5 Ng4 6. Bxc6 dxc6 7. h3 Nh6 8. Ne4
b6 9. d3 Bg7 10. O-O O-O 11. Re1 Nf5 12. Bf4 Nd4 13. Nxd4 Qxd4 14. c3 Qd5 15. d4
Bf5 16. Ng3 Be6 17. dxc5 Qxc5 18. Qc2 Rfd8 19. b3 b5 20. Ne4 Qb6 21. Qe2 c5 22.
Be3 Bxe5 23. Bxc5 Qc7 24. Ng5 Qxc5 25. Nxe6 fxe6 26. Qxe5 Qxe5 27. Rxe5 a6 28.
Rxe6 Kf7 29. Rc6 Rd6 30. Rxd6 exd6 31. Kf1 Rc8 32. Rc1 Ke6 33. Ke2 Rc5 34. Kd3
Rd5+ 35. Ke2 Re5+ 36. Kf1 Kd7 37. Rc2 Rd5 38. Ke1 h5 39. Rd2 Rc5 40. Rd3 h4 41.
g3 hxg3 42. fxg3 Ke6 43. Kf2 a5 44. g4 d5 45. a3 Ke5 46. Kf3 Rc8 47. Re3+ Kf6
48. h4 b4 49. cxb4 axb4 50. axb4 Rb8 51. Kg3 Rxb4 52. Rf3+ Kg7 53. Rd3 Kf6 54.
Rxd5 Rxb3+ 55. Kf4 Rb4+ 56. Kf3 Rb3+ 57. Ke4 Rh3 58. Kf4 Rxh4 59. Rd6+ Ke7 60.
Rxg6 Kf7 61. Rb6 Rh1 62. Kg5 Ra1 63. Rb7+ Kg8 64. Kh5 Ra6 65. g5 Rc6 66. g6 Rc1 1/2-1/2

[Event "4NCL 2016-17"]
[Site "Reading ENG"]
[Date "2017.01.14"]
[Round "3.31"]
[White "Tukpetov, Evgeny"]
[Black "Gormally, Daniel W"]
[Result "0-1"]
[BlackTitle "GM"]
[WhiteElo "2269"]
[BlackElo "2498"]
[WhiteTeam "Kings Head"]
[BlackTeam "Blackthorne Russia"]
[WhiteFideId "446904"]
[BlackFideId "406465"]
[EventDate "2016.11.19"]

1. e4 c5 2. Nc3 Nc6 3. Nge2 e6 4. g3 Nf6 5. Bg2 d5 6. d3 d4 7. Nb1 Be7 8. O-O
O-O 9. Nf4 Rb8 10. a4 a6 11. Nh5 Ne8 12. g4 e5 13. f4 g6 14. Ng3 exf4 15. Bxf4
Bf6 16. Qf3 Ne5 17. Bxe5 Bxe5 18. h3 b5 19. axb5 Rb6 20. Nh1 axb5 21. Qe2 Ng7
22. Nd2 Ne6 23. Nf3 Bf4 24. Nf2 Be3 25. Kh1 h5 26. Nh2 Qc7 27. Nd1 Bf4 28. Bf3
Ng5 29. Qg2 Kg7 30. Be2 Rh8 31. Nf2 hxg4 32. Bxg4 f5 33. exf5 gxf5 34. Bf3 Rg6
35. Rg1 0-1

[Event "4NCL 2016-17"]
[Site "Reading ENG"]
[Date "2017.01.14"]
[Round "3.32"]
[White "Ledger, Andrew J"]
[Black "Kwiatkowski, Feliks J"]
[Result "1-0"]
[WhiteTitle "IM"]
[BlackTitle "CM"]
[WhiteElo "2377"]
[BlackElo "2217"]
[WhiteTeam "Blackthorne Russia"]
[BlackTeam "Kings Head"]
[WhiteFideId "400610"]
[BlackFideId "401803"]
[EventDate "2016.11.19"]

1. d4 d5 2. c4 dxc4 3. Nf3 Nf6 4. e3 Bg4 5. Bxc4 e6 6. h3 Bh5 7. Nc3 Nc6 8. Bb5
Bd6 9. Qa4 Bxf3 10. gxf3 O-O 11. Bxc6 bxc6 12. Qxc6 Nd5 13. Nxd5 exd5 14. Bd2
Rb8 15. b3 Re8 16. Ke2 Ba3 17. Rab1 Re6 18. Qa4 Bd6 19. Qa5 Bf8 20. Rbc1 Reb6
21. Qc3 Rc8 22. Qd3 Qd7 23. h4 h5 24. Rhg1 g6 25. Ba5 Re6 26. f4 f5 27. Kf3 Kf7
28. Kg3 Be7 29. Kh3 c6 30. Rc2 Qb7 31. b4 Rb8 32. a3 Bf6 33. Rgc1 a6 34. a4 Be7
35. Rb1 Qa8 36. Rcb2 Rb7 37. Qc3 Qb8 38. Qb3 Qc8 39. Qa2 Qd7 40. Rb3 Bf6 41. Rc3
Be7 42. Qc2 Rb8 43. Qd3 Qa7 44. Rbc1 Rc8 45. R1c2 Ke8 46. Qd2 Kd7 47. Rb3 Ra8
48. Ra2 Qb7 49. Kg3 Rc8 50. Rab2 Rb8 51. Qd3 Ra8 52. Qc3 Rc8 53. Rb1 Bf8 54. b5
cxb5 55. Qd3 Rc4 56. axb5 axb5 57. Rxb5 Qc6 58. Rb7+ Kc8 59. R1b6 1-0

[Event "4NCL 2016-17"]
[Site "Reading ENG"]
[Date "2017.01.14"]
[Round "3.33"]
[White "Guthrie, David"]
[Black "Bates, Richard A"]
[Result "0-1"]
[BlackTitle "IM"]
[WhiteElo "2192"]
[BlackElo "2341"]
[WhiteTeam "Kings Head"]
[BlackTeam "Blackthorne Russia"]
[WhiteFideId "4300505"]
[BlackFideId "403555"]
[EventDate "2016.11.19"]

1. d4 Nf6 2. c4 e6 3. Nc3 Bb4 4. Qc2 O-O 5. a3 Bxc3+ 6. Qxc3 d5 7. Nf3 dxc4 8.
Qxc4 b6 9. Bg5 h6 10. Bh4 Ba6 11. Qa4 Qd7 12. Qc2 c5 13. Bxf6 gxf6 14. dxc5 Rc8
15. Rd1 Rxc5 16. Rxd7 Rxc2 17. Rd8+ Kg7 18. Nd4 Rxb2 19. Nc6 Nxc6 20. Rxa8 Ra2
21. h4 Rxa3 22. Rh3 Ra1+ 23. Kd2 f5 24. Rc3 Rxf1 0-1

[Event "4NCL 2016-17"]
[Site "Reading ENG"]
[Date "2017.01.14"]
[Round "3.34"]
[White "Eames, Robert S"]
[Black "Wittmann, Jochen"]
[Result "1/2-1/2"]
[WhiteTitle "FM"]
[BlackTitle "CM"]
[WhiteElo "2201"]
[BlackElo "2104"]
[WhiteTeam "Blackthorne Russia"]
[BlackTeam "Kings Head"]
[WhiteFideId "408743"]
[BlackFideId "409642"]
[EventDate "2016.11.19"]

1. e4 e5 2. f4 exf4 3. Nf3 g5 4. h4 g4 5. Ne5 d6 6. Nxg4 Be7 7. d3 Bxh4+ 8. Nf2
Qg5 9. Qf3 Bg3 10. Nc3 Nc6 11. Ne2 Ne5 1/2-1/2

[Event "4NCL 2016-17"]
[Site "Reading ENG"]
[Date "2017.01.14"]
[Round "3.35"]
[White "Mackenzie, Colin"]
[Black "Ledger, Dave J"]
[Result "0-1"]
[BlackTitle "FM"]
[WhiteElo "2060"]
[BlackElo "2215"]
[WhiteTeam "Kings Head"]
[BlackTeam "Blackthorne Russia"]
[WhiteFideId "2501031"]
[BlackFideId "401986"]
[EventDate "2016.11.19"]

1. c4 e5 2. g3 Nf6 3. Bg2 d5 4. cxd5 Nxd5 5. Nf3 Nc6 6. O-O Nb6 7. d3 Be7 8.
Nbd2 g5 9. a3 g4 10. Ne1 h5 11. b4 h4 12. Ne4 hxg3 13. hxg3 f5 14. Nc5 Bd6 15.
f4 Bxc5+ 16. bxc5 Qd4+ 17. e3 Qxa1 18. cxb6 exf4 19. Bxc6+ bxc6 20. Qc2 Rh6 21.
Bb2 Qa2 22. Rxf4 axb6 23. Qc3 Bd7 24. Qg7 O-O-O 25. Qxh6 Qxb2 26. Rd4 c5 27.
Rxd7 Rxd7 28. Qf8+ Kb7 29. Qxf5 Re7 30. Ng2 Qa1+ 31. Kh2 Qh8+ 32. Kg1 Rh7 33.
Qe4+ Kb8 34. Nh4 Qa1+ 35. Kg2 Qb2+ 36. Kg1 Qc1+ 37. Kg2 Qd2+ 38. Kg1 Qd1+ 39.
Kg2 Rh8 40. Qf4 Qe2+ 41. Kg1 Qxd3 42. a4 Qd1+ 43. Kh2 Qe2+ 44. Kg1 Rd8 45. Ng2
Rd1+ 46. Kh2 Rd2 47. Qe4 c4 48. a5 Qxg2+ 49. Qxg2 c3 0-1

[Event "4NCL 2016-17"]
[Site "Reading ENG"]
[Date "2017.01.14"]
[Round "3.36"]
[White "Nelson, Jonathan P"]
[Black "Sun, Xinyue"]
[Result "0-1"]
[WhiteElo "2185"]
[BlackElo "2080"]
[WhiteTeam "Blackthorne Russia"]
[BlackTeam "Kings Head"]
[WhiteFideId "404195"]
[BlackFideId "8600813"]
[EventDate "2016.11.19"]

1. d4 Nf6 2. Nf3 e6 3. e3 d5 4. Bd3 Be7 5. O-O O-O 6. b3 a5 7. a3 b6 8. Bb2 a4
9. Nc3 axb3 10. cxb3 c5 11. Qc2 Nbd7 12. e4 dxe4 13. Nxe4 Bb7 14. Rfd1 Qc7 15.
Ne5 Nxe4 16. Bxe4 Bxe4 17. Qxe4 Nf6 18. Qf3 Bd6 19. Nc4 Bxh2+ 20. Kh1 Bf4 21.
dxc5 bxc5 22. g3 Bg5 23. Be5 Qa7 24. Qg2 Nd5 25. Rd3 Bf6 26. f4 Rad8 27. Rad1
Bxe5 28. fxe5 Qe7 29. a4 f5 30. a5 f4 31. g4 f3 32. Rxf3 Rxf3 33. Qxf3 Qh4+ 34.
Kg1 Rf8 35. Qe2 Nf4 0-1

[Event "4NCL 2016-17"]
[Site "Reading ENG"]
[Date "2017.01.14"]
[Round "3.37"]
[White "Gilfillan, Andrew"]
[Black "Ledger, Stephen C"]
[Result "1-0"]
[WhiteElo "1973"]
[BlackElo "2056"]
[WhiteTeam "Kings Head"]
[BlackTeam "Blackthorne Russia"]
[WhiteFideId "2402580"]
[BlackFideId "404470"]
[EventDate "2016.11.19"]

1. c4 e5 2. g3 Nf6 3. Bg2 Nc6 4. Nc3 Bb4 5. Nd5 Bc5 6. e3 O-O 7. Ne2 Re8 8. a3
a5 9. O-O d6 10. Nec3 Nxd5 11. Nxd5 Bf5 12. d3 Qd7 13. Rb1 Nd8 14. b4 axb4 15.
axb4 Ba7 16. Ra1 Ne6 17. b5 Bc5 18. Bb2 Rxa1 19. Bxa1 c6 20. d4 exd4 21. exd4
cxd5 22. dxc5 dxc4 23. c6 Qc7 24. cxb7 Bd3 25. Re1 Rb8 26. Bc3 Rxb7 27. Bxb7
Qxb7 28. Qg4 h5 29. Qxh5 d5 30. Qg4 Be4 31. f3 Qb6+ 32. Kg2 d4 33. Qxe4 dxc3 34.
Qxc4 c2 35. Qc8+ Kh7 36. Qxc2+ g6 37. Rb1 Nd4 38. Qc4 Qf6 39. Qd3 Nf5 40. b6 Qg5
41. b7 1-0

[Event "4NCL 2016-17"]
[Site "Reading ENG"]
[Date "2017.01.14"]
[Round "3.38"]
[White "Atkins, Rita"]
[Black "Davey, Mark"]
[Result "1-0"]
[WhiteTitle "WIM"]
[WhiteElo "2093"]
[BlackElo "2011"]
[WhiteTeam "Blackthorne Russia"]
[BlackTeam "Kings Head"]
[WhiteFideId "408050"]
[BlackFideId "404730"]
[EventDate "2016.11.19"]

1. d4 Nf6 2. Bg5 e6 3. e3 b6 4. Nd2 Bb7 5. Ngf3 c5 6. c3 Be7 7. Bxf6 Bxf6 8. Bd3
Nc6 9. Qe2 d5 10. h4 h6 11. O-O-O Qc7 12. Kb1 O-O-O 13. Ba6 Rhe8 14. Bxb7+ Qxb7
15. g4 g6 16. g5 hxg5 17. hxg5 Bg7 18. Rh7 Rg8 19. Nh2 e5 20. dxe5 Nxe5 21. f4
Nc6 22. Ng4 Qd7 23. Kc1 Qf5 24. Nf6 Bxf6 25. Qa6+ Kb8 26. Rxf7 Qc8 27. Qxc8+
Rxc8 28. Rxf6 Ne7 29. Nf3 Rcd8 30. Ne5 Rg7 31. e4 Kc7 32. exd5 Nxd5 33. Rc6+ Kb7
34. Rxg6 Rxg6 35. Nxg6 Rg8 36. Rxd5 Rxg6 37. Kd2 Kc6 38. c4 b5 39. b3 bxc4 40.
bxc4 Rg8 41. Ke3 a5 42. a4 Rg7 43. Ke4 Rg8 44. Kf5 Rf8+ 45. Kg4 Rg8 46. Rf5 Kd6
47. Rf6+ Kd7 48. Ra6 1-0

[Event "4NCL 2016-17"]
[Site "Reading ENG"]
[Date "2017.01.14"]
[Round "3.41"]
[White "Turner, Matthew J"]
[Black "Cooper, John G"]
[Result "1/2-1/2"]
[WhiteTitle "GM"]
[BlackTitle "IM"]
[WhiteElo "2522"]
[BlackElo "2278"]
[WhiteTeam "Barbican 4NCL"]
[BlackTeam "South Wales Dragons"]
[WhiteFideId "402893"]
[BlackFideId "1800027"]
[EventDate "2016.11.19"]

1. Nf3 c5 2. g3 g6 3. Bg2 Bg7 4. O-O Nc6 5. Nc3 Nf6 6. d4 cxd4 7. Nxd4 O-O 8.
Nb3 d6 9. h3 Be6 10. e4 b5 11. Re1 b4 12. Nd5 a5 13. a3 a4 14. Nd2 bxa3 15. Rxa3
Nd7 16. Nc4 Nc5 17. c3 Na5 18. Nxa5 Rxa5 19. Be3 Bd7 20. Bg5 f6 21. Bc1 Rb5 22.
Nb4 Qc7 23. Be3 e6 24. Qd2 Rb6 25. Rd1 Rfb8 26. h4 Be8 27. f4 f5 28. e5 dxe5 29.
Qf2 Bf8 30. fxe5 Qxe5 31. Bf4 Qf6 32. Bxb8 Rxb8 33. Qf4 e5 34. Qd2 Kh8 35. Nd5
Qg7 36. Ra2 Bf7 37. Kh2 e4 38. c4 Bxd5 39. Qxd5 Rxb2 40. Rxb2 Qxb2 41. Qd8 Kg7
42. h5 Qf6 43. Qc7+ Kh6 44. hxg6 hxg6 45. Rh1 Bd6 46. Kg1+ Kg5 47. Qh7 Qd4+ 48.
Kh2 Bxg3+ 49. Kxg3 Qe3+ 50. Kh2 Qf4+ 51. Kg1 Qe3+ 52. Kh2 1/2-1/2

[Event "4NCL 2016-17"]
[Site "Reading ENG"]
[Date "2017.01.14"]
[Round "3.42"]
[White "Kett, Tim"]
[Black "D'Costa, Lorin A R"]
[Result "0-1"]
[BlackTitle "IM"]
[WhiteElo "2237"]
[BlackElo "2391"]
[WhiteTeam "South Wales Dragons"]
[BlackTeam "Barbican 4NCL"]
[WhiteFideId "1801210"]
[BlackFideId "409219"]
[EventDate "2016.11.19"]

1. e4 c5 2. c3 d5 3. exd5 Qxd5 4. d4 Nc6 5. Nf3 Bf5 6. Be2 cxd4 7. cxd4 Bxb1 8.
Rxb1 e6 9. O-O Nf6 10. b4 Bd6 11. b5 Ne7 12. Ne5 Nf5 13. Bf3 Qxd4 14. Bb2 Qxd1
15. Rfxd1 h5 16. Bxb7 Rb8 17. Bc6+ Ke7 18. a4 Ng4 19. Nf3 Rbd8 20. h3 Bc5 21.
hxg4 hxg4 22. Rdc1 Ng3 23. Nh2 Ne2+ 24. Kf1 Nxc1 25. Rxc1 Rd2 26. Rxc5 Rxh2 27.
Kg1 Rh8 28. g3 Rxb2 29. Be4 f5 30. Rc7+ Kd6 31. Rc6+ Ke5 32. Bd3 Rd8 33. Bc4
Rd1+ 34. Kg2 Rd6 35. Rc7 Rdd2 36. Rc6 Rxf2+ 37. Kg1 Rg2+ 38. Kf1 Rxg3 39. Rxe6+
Kf4 40. a5 Rc3 0-1

[Event "4NCL 2016-17"]
[Site "Reading ENG"]
[Date "2017.01.14"]
[Round "3.43"]
[White "Dorrington, Chris J"]
[Black "Redmond, John P."]
[Result "1/2-1/2"]
[WhiteElo "2334"]
[BlackElo "2197"]
[WhiteTeam "Barbican 4NCL"]
[BlackTeam "South Wales Dragons"]
[WhiteFideId "410462"]
[BlackFideId "2500051"]
[EventDate "2016.11.19"]

1. d4 Nf6 2. c4 e6 3. Nf3 d5 4. Nc3 Bb4 5. Qa4+ Nc6 6. Bg5 Bd7 7. Qb3 O-O 8.
cxd5 exd5 9. e3 h6 10. Bxf6 Qxf6 11. Bb5 Bxc3+ 12. Qxc3 Qg6 13. Bxc6 Bxc6 14.
O-O Qd6 15. Rfc1 Rac8 16. Qc5 a6 17. Rc3 Bd7 18. Rac1 Qxc5 19. Rxc5 c6 20. R5c3
Ra8 21. Rb3 Bc8 22. Ne5 Re8 23. Nd3 Re7 24. a4 Kf8 25. a5 Ra7 26. Kf1 Bf5 27.
Nc5 Ke8 28. Na4 Ra8 29. Nc5 Ra7 30. Ke2 g5 31. Kd2 Kd8 32. f3 Bg6 33. h4 Kc7 34.
Re1 Re8 35. hxg5 hxg5 36. e4 dxe4 37. fxe4 Rd8 38. Kc3 Rh8 39. Kc4 Rh4 40. Rg3
Ra8 41. Rxg5 Re8 42. Re5 Rxe5 43. dxe5 Rg4 44. Re2 b6 45. axb6+ Kxb6 46. Kd4 a5
47. Nd7+ Kc7 48. Nf8 Bf5 49. Kd3 Bc8 50. Ke3 Rg7 51. Rd2 Rg5 52. Kf4 Rg4+ 53.
Ke3 Rg5 54. Kd4 Kb6 55. Nh7 c5+ 56. Kd5 Rg8 57. Rf2 Rd8+ 58. Kc4 Rd4+ 59. Kc3
Rxe4 60. Rf6+ Kb5 61. Ng5 Re3+ 62. Kd2 Rxe5 63. Nxf7 Rd5+ 64. Kc3 Bg4 65. Nd6+
Kc6 66. Nc4+ Kc7 67. Nxa5 Rg5 68. Nc4 Bd7 69. Ne3 Bc6 70. Rf2 Rg3 71. Kd2 Kb6
72. Rf6 Kb5 73. Ke2 Bxg2 74. Kf2 Rh3 75. Nxg2 Rb3 76. Ne3 Rxb2+ 77. Kf3 Rd2 78.
Rf8 Rd7 79. Rb8+ Kc6 80. Ng4 Rd1 81. Ne5+ Kc7 82. Rb5 Kd6 83. Ke2 Rd5 84. Nc4+
Kc6 85. Rb8 Kc7 86. Rb1 Rd4 87. Nd2 Kc6 88. Kd1 Rh4 89. Kc2 Rh3 90. Rg1 Rh2 91.
Rg3 Rh1 92. Ne4 Kd5 93. Nc3+ Kd6 94. Rg4 Rh2+ 95. Kb3 Rh5 96. Kc4 Rh1 97. Nb5+
Ke6 98. Re4+ Kf5 99. Nd6+ Kf6 100. Ne8+ Kf5 101. Nd6+ Kf6 102. Kxc5 Rd1 103. Kc6
Rc1+ 104. Kd7 Rd1 105. Re6+ Kg5 106. Ke7 Ra1 107. Rf6 Ra7+ 108. Ke6 Ra6 109. Rf1
Kg4 110. Ke7 Ra7+ 111. Kf8 Kg3 112. Nf7 Kg2 113. Rf6 Kg3 114. Kg7 Ra4 115. Ne5
Ra5 116. Rf5 Ra6 117. Ng6 Kg4 118. Rf6 1/2-1/2

[Event "4NCL 2016-17"]
[Site "Reading ENG"]
[Date "2017.01.14"]
[Round "3.44"]
[White "Blackburn, Joathan Lb"]
[Black "Merry, Alan B"]
[Result "0-1"]
[BlackTitle "FM"]
[WhiteElo "2193"]
[BlackElo "2395"]
[WhiteTeam "South Wales Dragons"]
[BlackTeam "Barbican 4NCL"]
[WhiteFideId "1801090"]
[BlackFideId "418811"]
[EventDate "2016.11.19"]

1. d4 d5 2. c4 c6 3. Nf3 Nf6 4. Nc3 a6 5. c5 g6 6. g3 Bg7 7. Bg2 O-O 8. O-O Bg4
9. Ne5 Bf5 10. Bf4 Nh5 11. Qd2 Nxf4 12. Qxf4 f6 13. Nf3 e5 14. Qd2 Nd7 15. Na4
e4 16. Ne1 Qc7 17. Nc2 Rae8 18. b4 h5 19. Ne3 Bh6 20. Nc3 Kh7 21. a4 h4 22. Rfb1
hxg3 23. hxg3 Be6 24. Ncd1 f5 25. Qc3 f4 26. Nf1 e3 27. f3 Bf5 28. Rb3 g5 29. g4
Bg6 30. b5 axb5 31. axb5 Ra8 32. b6 Qd8 33. Rxa8 Qxa8 34. Ra3 Qb8 35. Nb2 Bg7
36. Nd3 Re8 37. Nc1 Nf8 38. Nb3 Ne6 39. Ra4 Re7 40. Nxe3 fxe3 41. Qxe3 Qg3 0-1

[Event "4NCL 2016-17"]
[Site "Reading ENG"]
[Date "2017.01.14"]
[Round "3.45"]
[White "Jackson, James P"]
[Black "Williamson, Roger G"]
[Result "1-0"]
[WhiteTitle "FM"]
[WhiteElo "2290"]
[BlackElo "2189"]
[WhiteTeam "Barbican 4NCL"]
[BlackTeam "South Wales Dragons"]
[WhiteFideId "416860"]
[BlackFideId "414620"]
[EventDate "2016.11.19"]

1. e4 e5 2. Nf3 Nc6 3. Bb5 a6 4. Ba4 Nf6 5. O-O Bc5 6. c3 b5 7. Bb3 d6 8. Re1
Bb6 9. d3 O-O 10. Bg5 Be6 11. Bc2 h6 12. Bh4 g5 13. Bg3 Bg4 14. Nbd2 Ne7 15. Nf1
Ng6 16. Ne3 Bxe3 17. fxe3 Kg7 18. Rf1 Ng8 19. d4 f6 20. a4 Qb8 21. Qd2 Be6 22.
Ne1 Qb7 23. Nd3 N8e7 24. b3 h5 25. Rfb1 h4 26. Be1 h3 27. g3 f5 28. Nf2 f4 29.
exf4 gxf4 30. d5 Bd7 31. Bd1 c6 32. c4 cxd5 33. cxd5 Rh8 34. Rc1 fxg3 35. hxg3
h2+ 36. Kh1 Raf8 37. Ra2 Qa7 38. Rac2 Rc8 39. Rxc8 Bxc8 40. axb5 axb5 41. Qa5
Qe3 42. Qc3 Qg5 43. Bd2 Qf6 44. Qf3 Bd7 45. Qxf6+ Kxf6 46. Rc7 Bh3 47. Kxh2 Bg4+
48. Kg2 Bxd1 49. Nxd1 Ra8 50. Bb4 Ra2+ 51. Kf3 Kg5 52. Bxd6 Ng8 53. Bc5 Nf6 54.
Be3+ Kh5 55. Nf2 1-0

[Event "4NCL 2016-17"]
[Site "Reading ENG"]
[Date "2017.01.14"]
[Round "3.46"]
[White "Zeidler, Sven P."]
[Black "Cox, John J"]
[Result "1/2-1/2"]
[WhiteTitle "FM"]
[BlackTitle "IM"]
[WhiteElo "2185"]
[BlackElo "2325"]
[WhiteTeam "South Wales Dragons"]
[BlackTeam "Barbican 4NCL"]
[WhiteFideId "1800604"]
[BlackFideId "401064"]
[EventDate "2016.11.19"]

1. e4 e5 2. Nf3 Nc6 3. Nc3 Nf6 4. Be2 d5 5. exd5 Nxd5 6. O-O Nxc3 7. bxc3 Bd6 8.
d4 O-O 9. Rb1 b6 10. Bg5 f6 11. dxe5 Bxe5 12. Bc4+ Kh8 13. Bd5 Qd6 14. Nxe5 fxe5
15. Be4 Bb7 16. Qh5 g6 17. Qh4 Qe6 18. f4 Na5 19. Bxb7 Nxb7 20. fxe5 Rae8 21.
Rxf8+ Rxf8 22. Bf6+ Kg8 23. Qa4 a5 24. Qb3 Nc5 25. Qxe6+ Nxe6 26. Rd1 Rf7 27.
Kf2 Kf8 28. Ke3 Ke8 29. Rd5 Rd7 30. c4 Nc5 31. Kf4 Ne6+ 32. Ke4 Nc5+ 33. Ke3 Ne6
34. g4 Nc5 35. Bh4 Ne6 36. Bf6 Nc5 37. Bh4 1/2-1/2

[Event "4NCL 2016-17"]
[Site "Reading ENG"]
[Date "2017.01.14"]
[Round "3.47"]
[White "Taylor, Martin R"]
[Black "James, David J"]
[Result "1-0"]
[WhiteTitle "FM"]
[BlackTitle "FM"]
[WhiteElo "2320"]
[BlackElo "2134"]
[WhiteTeam "Barbican 4NCL"]
[BlackTeam "South Wales Dragons"]
[WhiteFideId "407836"]
[BlackFideId "1800272"]
[EventDate "2016.11.19"]

1. d4 Nf6 2. c4 e6 3. Nc3 Bb4 4. Qc2 d5 5. a3 Bxc3+ 6. Qxc3 O-O 7. Bg5 dxc4 8.
Qxc4 b6 9. Rd1 Ba6 10. Qa4 Qd7 11. Qc2 Nc6 12. Nf3 Rfd8 13. g3 e5 14. d5 e4 15.
Bxf6 gxf6 16. Qxe4 Ne7 17. Bg2 Bb7 18. O-O Bxd5 19. Qf4 Qe6 20. Qxc7 Rd7 21. Qf4
Rad8 22. e3 Ng6 23. Qb4 Ne5 24. Nxe5 fxe5 25. Bxd5 Rxd5 26. Rxd5 Qxd5 27. Qg4+
Kh8 28. Qg5 e4 29. Qf6+ Kg8 30. Rc1 Qd6 31. Qg5+ Kh8 32. Qf5 Qe7 33. Rc4 Re8 34.
Rd4 Qe6 35. Qxe6 Rxe6 36. Rd7 Kg7 37. Rxa7 Rc6 38. Re7 Rc4 39. Rb7 Rc6 40. Re7
Rc4 41. b3 Rc3 42. b4 1-0

[Event "4NCL 2016-17"]
[Site "Reading ENG"]
[Date "2017.01.14"]
[Round "3.48"]
[White "Wilson, Julie"]
[Black "Bhatia, Kanwal K"]
[Result "0-1"]
[BlackTitle "WFM"]
[WhiteElo "1885"]
[BlackElo "2091"]
[WhiteTeam "South Wales Dragons"]
[BlackTeam "Barbican 4NCL"]
[WhiteFideId "1800876"]
[BlackFideId "407496"]
[EventDate "2016.11.19"]

1. d4 Nf6 2. c4 c5 3. d5 b5 4. Nf3 Bb7 5. e3 e6 6. dxe6 fxe6 7. cxb5 Be7 8. Nc3
O-O 9. Bd3 d5 10. Ng5 Qd6 11. Qc2 h6 12. Nf3 Nbd7 13. e4 c4 14. Be2 d4 15. Nxd4
Qxd4 16. Be3 Qe5 17. Bxc4 Ng4 18. Qe2 Nxe3 19. fxe3 Bb4 20. Qd3 Bxe4 21. Qd4
Rad8 22. O-O-O Bxc3 23. Qxc3 Qxc3+ 24. bxc3 Nc5 25. Rhg1 Rxd1+ 26. Kxd1 Rf2 27.
Be2 Na4 28. Ke1 Rf8 29. c4 Rd8 30. g3 Nc3 31. Bg4 Bf5 32. Bxf5 exf5 33. Rg2 Rd1+
34. Kf2 Rd2+ 35. Kf3 Rxg2 36. Kxg2 Kf7 37. a3 g5 38. Kf1 Ke6 39. Ke1 Kd6 0-1

[Event "4NCL 2016-17"]
[Site "Reading ENG"]
[Date "2017.01.15"]
[Round "4.23"]
[White "Ledger, Andrew J"]
[Black "Dorrington, Chris J"]
[Result "1/2-1/2"]
[WhiteTitle "IM"]
[WhiteElo "2377"]
[BlackElo "2334"]
[WhiteTeam "Blackthorne Russia"]
[BlackTeam "Barbican 4NCL"]
[WhiteFideId "400610"]
[BlackFideId "410462"]
[EventDate "2016.11.19"]

1. d4 Nf6 2. c4 e6 3. Nc3 Bb4 4. e3 O-O 5. Bd3 d5 6. cxd5 exd5 7. Ne2 Re8 8. O-O
Bf8 9. Nf4 g6 10. Bd2 b6 11. Rc1 Bb7 12. a3 Nbd7 13. b4 c5 14. dxc5 bxc5 15. Na4
Rc8 16. Nxc5 Nxc5 17. bxc5 Bxc5 18. Rb1 Re7 19. Rxb7 Rxb7 20. Ba6 Rbc7 21. Bxc8
Rxc8 22. Bb4 Bxb4 23. axb4 d4 24. Qxd4 1/2-1/2

[Event "4NCL 2016-17"]
[Site "Reading ENG"]
[Date "2017.01.15"]
[Round "4.45"]
[White "Williamson, Roger G"]
[Black "Guthrie, David"]
[Result "1-0"]
[WhiteElo "2189"]
[BlackElo "2192"]
[WhiteTeam "South Wales Dragons"]
[BlackTeam "Kings Head"]
[WhiteFideId "414620"]
[BlackFideId "4300505"]
[EventDate "2016.11.19"]

1. d4 Nf6 2. c4 e6 3. Nc3 Bb4 4. e3 O-O 5. Ne2 c6 6. a3 Ba5 7. Ng3 d5 8. cxd5
exd5 9. Bd3 Re8 10. O-O Nbd7 11. f3 Nf8 12. Nf5 Bc7 13. b3 a6 14. g4 Ne6 15. Bb1
c5 16. dxc5 Be5 17. Nd4 Nxc5 18. g5 Nfd7 19. f4 Bb8 20. b4 Ne4 21. Nxe4 dxe4 22.
Qh5 g6 23. Qh6 Bd6 24. Ba2 Bf8 25. Qh4 Bg7 26. f5 Ne5 27. f6 Bf8 28. Bb2 Nd3 29.
Bxf7+ 1-0